00468 2200193 4500001002100000005001500021035002000036008004100056245004900097100001400146250000600160260003600166300001200202084001400214082000800228650001400236990001200250990001200262INLIS00000000000035120240503081841 a0010-0424000327240503 0 ind 1 aMemberdayakan Potensi Kaum Muda /cSugiyarto aSugiyarto a1 aJakarta :bCempaka Putih,c2017 a116 hlm a300 SUG m a300 4aNon Fiksi a0728696 a0728697